| 000 | 00562nam a2200157 i 4500 | ||
|---|---|---|---|
| 001 | 62585 | ||
| 003 | ES-MaACL | ||
| 005 | 20230906164708.0 | ||
| 007 | t| | ||
| 008 | 031124s1905 sp ||||1| spa d | ||
| 100 | 1 |
_aFernández y García de la Villa, Rodrigo. _950182 |
|
| 245 | 1 | 3 |
_aEl contrato de edición : _bmemoria leida en los ejercicios celebrados para obtener el grado de Doctor en la Facultad de Derecho / _cRodrigo Fernández y García de la Villa. |
| 260 |
_aSevilla : _b[s.n.], _c1905. |
||
| 300 |
_a47 p. ; _c21 cm. |
||
| 852 |
_aES-MaACL _jT-1075-F-9 |
||
| 999 |
_c62585 _d62585 |
||